000
00459pam a2200109a 44500
008
230405s2010 xxu||||| |||| 00| 0 eng d
041
_a
MAR
100
_a
सौ संगिता माने डॉ सुरेश माने
245
_a
जिल्हा परिषद कर्मचारी भरती संपूर्ण मार्गदर्शक
260
_a
_b
अक्षरगंगा प्रकाशन
_c
2010
906
_a
10471
999
_c
300970
_d
300970